[Event "ICS rated blitz match"]
[Site "204.178.125.65"]
[Date "2000.07.08"]
[Round "?"]
[White "Hossa"]
[Black "Amateur"]
[Result "1/2-1/2"]
[WhiteElo "2456"]
[BlackElo "2583"]
[PlyCount "102"]
[EventDate "2000.??.??"]

1. e4 e5 2. Nf3 Nc6 3. Bb5 a6 4. Ba4 Nf6 5. O-O b5 6. Bb3 Bc5 7. a4 Bb7 8. d3
O-O 9. a5 Qe7 10. c3 h6 11. Nh4 Qd8 12. Ng6 Re8 13. Be3 Bxe3 14. fxe3 Na7 15.
Nh4 d5 16. exd5 Bxd5 17. Bxd5 Qxd5 18. Nf5 Re6 19. e4 Qc5+ 20. Rf2 Rb8 21. b4
Qf8 22. Nd2 c5 23. bxc5 Qxc5 24. d4 exd4 25. cxd4 Qc7 26. Qf3 Rc6 27. d5 Rc3
28. Nxh6+ Kh7 29. d6 Qc5 30. Qf4 Nh5 31. Qxf7 Kxh6 32. e5 Qd4 33. Re1 Rc2 34.
Ne4 Rxf2 35. Nxf2 Nc6 36. Rd1 Qc4 37. Qc7 Nf4 38. d7 Ne6 39. Qc8 Kh7 40. Qe8
Rd8 41. Rd6 Qc1+ 42. Rd1 Qh6 43. Rd6 Ncd4 44. g3 Qc1+ 45. Kg2 Qc7 46. Kf1 Qc1+
47. Kg2 Qc4 48. Qh5+ Kg8 49. Qe8+ Kh7 50. Qh5+ Kg8 51. Qe8+ Kh7 1/2-1/2

[Event "ICS rated standard match"]
[Site "204.178.125.65"]
[Date "2000.07.09"]
[Round "?"]
[White "sabrewolf"]
[Black "Hossa"]
[Result "0-1"]
[WhiteElo "1885"]
[BlackElo "2348"]
[PlyCount "78"]
[EventDate "2000.??.??"]

1. e4 e5 2. Nf3 Nc6 3. Bb5 a6 4. Ba4 Nf6 5. Nc3 Be7 6. d3 b5 7. Bb3 d6 8. Bg5
O-O 9. O-O Bg4 10. Bxf6 Bxf6 11. Bd5 Bxf3 12. Qxf3 Nd4 13. Qd1 c6 14. Bb3 a5
15. a3 Nxb3 16. cxb3 Bg5 17. Ne2 f5 18. b4 fxe4 19. dxe4 axb4 20. Qb3+ Rf7 21.
Qxb4 Ra4 22. Qc3 Rxe4 23. Qxc6 Rxe2 24. Qxb5 Rc2 25. a4 Bh4 26. g3 Bg5 27. b4
Qc8 28. a5 Bd2 29. a6 Qa8 30. Qd3 Rb2 31. b5 Bb4 32. b6 Bc5 33. b7 Qf8 34. a7
Rfxf2 35. Qb3+ Rxb3 36. b8=Q Rxf1+ 37. Kg2 Rf2+ 38. Kh3 Rxb8 39. axb8=Q Qxb8 {
sabrewolf resigns} 0-1

[Event "ICS rated blitz match"]
[Site "204.178.125.65"]
[Date "2000.07.09"]
[Round "?"]
[White "Hossa"]
[Black "brutus"]
[Result "1-0"]
[WhiteElo "2462"]
[BlackElo "2128"]
[PlyCount "87"]
[EventDate "2000.??.??"]

1. e4 e6 2. d4 d5 3. Nd2 Nf6 4. e5 Nfd7 5. Bd3 c5 6. c3 Nc6 7. Ne2 cxd4 8. cxd4
Nb6 9. O-O Bd7 10. Nf3 Be7 11. a3 a5 12. Nc3 a4 13. Rb1 Na5 14. Be3 Nbc4 15.
Nxa4 b5 16. Nc3 O-O 17. Qc2 h6 18. Bc1 Qb6 19. Ra1 Rfc8 20. h4 Nc6 21. Be3 b4
22. Bxc4 bxc3 23. bxc3 Na5 24. Ba2 Nc4 25. Bb1 g6 26. Bxh6 Nxa3 27. Qc1 Qb3 28.
Bd2 Nc4 29. Rxa8 Rxa8 30. Bg5 Bf8 31. h5 Be8 32. hxg6 fxg6 33. Bh6 Be7 34. Qf4
Ra1 35. Bd3 Rxf1+ 36. Bxf1 Qb1 37. Bg5 Bf8 38. Qh4 Qf5 39. Bc1 Qh5 40. Qd8 Bf7
41. Ng5 Kg7 42. Qf6+ Kg8 43. Qxf7+ Kh8 44. Qxf8# {brutus checkmated} 1-0

[Event "ICS rated blitz match"]
[Site "204.178.125.65"]
[Date "2000.07.09"]
[Round "?"]
[White "brutus"]
[Black "Hossa"]
[Result "0-1"]
[WhiteElo "2124"]
[BlackElo "2466"]
[PlyCount "48"]
[EventDate "2000.??.??"]

1. e4 e5 2. Nf3 Nc6 3. Bb5 a6 4. Ba4 Nf6 5. Qe2 b5 6. Bb3 Bc5 7. c3 d6 8. d3 h6
9. Nbd2 O-O 10. Nf1 a5 11. h3 a4 12. Bc2 b4 13. c4 a3 14. b3 Nd4 15. Nxd4 Bxd4
16. Rb1 Rb8 17. Ne3 c6 18. O-O g6 19. Kh1 Qe7 20. f4 Nh5 21. Kh2 exf4 22. Ng4
Ng3 23. Qf3 Bxg4 24. hxg4 Qh4# {brutus checkmated} 0-1

[Event "ICS rated blitz match"]
[Site "204.178.125.65"]
[Date "2000.07.09"]
[Round "?"]
[White "Hossa"]
[Black "kako"]
[Result "1-0"]
[WhiteElo "2470"]
[BlackElo "2025"]
[PlyCount "58"]
[EventDate "2000.??.??"]

1. e4 e6 2. d4 d5 3. Nd2 a6 4. Ngf3 c5 5. exd5 exd5 6. dxc5 Bxc5 7. Nb3 Ba7 8.
Bd3 Nc6 9. O-O Nf6 10. Re1+ Kf8 11. Bg5 h6 12. Bf4 g5 13. Bd2 g4 14. Ne5 Be6
15. Qc1 Kg7 16. Ng6 Rh7 17. Nf4 Qd7 18. Nxe6+ fxe6 19. Bxh6+ Rxh6 20. Qg5+ Kf7
21. Qxh6 Rg8 22. Re2 Qd6 23. Rae1 Nd8 24. Kh1 Rg7 25. c3 Qf8 26. c4 Qd6 27.
cxd5 Nxd5 28. Rd1 Kf8 29. Bc4 b5 {kako resigns} 1-0

[Event "ICS rated blitz match"]
[Site "204.178.125.65"]
[Date "2000.07.09"]
[Round "?"]
[White "kako"]
[Black "Hossa"]
[Result "1/2-1/2"]
[WhiteElo "2023"]
[BlackElo "2472"]
[PlyCount "42"]
[EventDate "2000.??.??"]

1. e4 e5 2. Nf3 Nc6 3. Bb5 a6 4. Ba4 Nf6 5. O-O Be7 6. Re1 b5 7. Bb3 d6 8. c3
O-O 9. h3 Na5 10. Bc2 c5 11. d4 Qc7 12. Nbd2 cxd4 13. cxd4 Nc6 14. d5 Nb4 15.
Bb1 a5 16. Nf1 Bd7 17. Ng3 Rfc8 18. Bd2 Bd8 19. Bc3 Na6 20. Bd2 Nb4 21. Bc3 Na6
1/2-1/2

[Event "ICS Rated standard match"]
[Site "204.178.125.65"]
[Date "2000.07.09"]
[Round "?"]
[White "ZarkovX"]
[Black "Hossa"]
[Result "0-1"]
[WhiteElo "2558"]
[BlackElo "2350"]
[PlyCount "70"]
[EventDate "2000.??.??"]

1. b4 Nf6 2. Bb2 g6 3. Nf3 Bg7 4. g3 O-O 5. Bg2 a6 6. d3 Nc6 7. a3 d5 8. Nbd2
d4 9. c4 Ng4 10. h3 Nge5 11. Nxe5 Nxe5 12. O-O Nc6 13. b5 axb5 14. cxb5 Na5 15.
Rc1 Be6 16. Rc5 Qd7 17. Qc2 c6 18. bxc6 bxc6 19. Kh2 Rfb8 20. e3 Rxb2 21. Qxb2
dxe3 22. Qb4 exd2 23. Rxa5 Rxa5 24. Qxa5 Qxd3 25. Rd1 Bc3 26. Qa4 Qe2 27. Qc2
c5 28. Rb1 Be5 29. Qe4 Bc4 30. a4 Bd3 31. Qxe2 Bxe2 32. f4 Bd4 33. a5 d1=Q 34.
Rxd1 Bxd1 35. Bd5 Be2 {ZarkovX resigns} 0-1

[Event "ICS rated blitz match"]
[Site "204.178.125.65"]
[Date "2000.07.09"]
[Round "?"]
[White "Hossa"]
[Black "PostModernist"]
[Result "0-1"]
[WhiteElo "2458"]
[BlackElo "2573"]
[PlyCount "116"]
[EventDate "2000.??.??"]

1. e4 e5 2. Nf3 Nc6 3. Bb5 a6 4. Ba4 d6 5. c3 f5 6. exf5 Bxf5 7. d3 Qd7 8. O-O
Be7 9. b4 Nf6 10. Bb3 Bg4 11. Re1 Qf5 12. Re3 O-O-O 13. a4 d5 14. h3 Bxf3 15.
Rxf3 Qe6 16. Ba2 e4 17. Re3 Qf5 18. g4 Qe5 19. Re2 h6 20. b5 Nb8 21. bxa6 Nxa6
22. d4 Qe6 23. c4 dxc4 24. Rc2 Nb4 25. Bxc4 Qc6 26. Rc3 Qd6 27. Na3 Qxd4 28.
Qxd4 Rxd4 29. Be3 Rdd8 30. Rb3 Nfd5 31. Bd2 Rhf8 32. Rd1 Bc5 33. Be1 c6 34. Nb1
Rf4 35. Bxb4 Nxb4 36. Be6+ Kc7 37. Rxd8 Kxd8 38. Nd2 Bxf2+ 39. Kg2 Bc5 40. Kg3
g5 41. Bf5 e3 42. Nf3 Kc7 43. h4 h5 44. hxg5 Bd6 45. gxh5 Rxf5+ 46. Kg2 Nd5 47.
h6 Nf4+ 48. Kf1 e2+ 49. Ke1 Rd5 50. Rb1 Rd3 51. h7 Rxf3 52. h8=Q Bb4+ 53. Rxb4
Rf1+ 54. Kd2 e1=Q+ 55. Kc2 Rf2+ 56. Kb3 Qb1+ 57. Kc4 Qd3+ 58. Kc5 Qd5# {
Hossa checkmated} 0-1

[Event "ICS rated blitz match"]
[Site "204.178.125.65"]
[Date "2000.07.09"]
[Round "?"]
[White "Kickedmen"]
[Black "Hossa"]
[Result "0-1"]
[WhiteElo "2200"]
[BlackElo "2447"]
[PlyCount "20"]
[EventDate "2000.??.??"]

1. e4 e5 2. Nf3 Nc6 3. Bb5 a6 4. Bxc6 dxc6 5. Nxe5 Qd4 6. O-O Qxe5 7. Nc3 Bc5
8. d3 Nf6 9. Qe2 Ng4 10. Be3 Qxh2# 0-1

[Event "ICS rated standard match"]
[Site "204.178.125.65"]
[Date "2000.07.09"]
[Round "?"]
[White "Hossa"]
[Black "Kickedmen"]
[Result "1-0"]
[WhiteElo "2375"]
[BlackElo "2093"]
[PlyCount "45"]
[EventDate "2000.??.??"]

1. e4 Nc6 2. Nf3 Nf6 3. e5 Ng4 4. d4 d5 5. Be2 f5 6. O-O e6 7. Ne1 g5 8. c3 h6
9. h3 Ngxe5 10. dxe5 Nxe5 11. Nd3 Nxd3 12. Qxd3 e5 13. Bh5+ Ke7 14. Re1 Be6 15.
Rxe5 Bg7 16. Re1 Qd6 17. Na3 c5 18. Nb5 Qc6 19. Qxf5 Kd7 20. Qg6 Qxb5 21. Qxg7+
Kd6 22. Bf4+ Kc6 23. Rxe6# 1-0

[Event "ICS rated blitz match"]
[Site "204.178.125.65"]
[Date "2000.07.09"]
[Round "?"]
[White "trinity"]
[Black "Hossa"]
[Result "1/2-1/2"]
[WhiteElo "2086"]
[BlackElo "2447"]
[PlyCount "80"]
[EventDate "2000.??.??"]

1. e4 e5 2. Nf3 Nc6 3. Bb5 a6 4. Bxc6 dxc6 5. O-O f6 6. d4 exd4 7. Nxd4 c5 8.
Ne2 Qxd1 9. Rxd1 Bd7 10. Be3 O-O-O 11. Nbc3 g5 12. Rd5 Bd6 13. Bxc5 Ne7 14.
Bxd6 Nxd5 15. Nxd5 cxd6 16. Nxf6 Rdf8 17. Nd5 Bc6 18. Rd1 Kd7 19. f3 Bxd5 20.
Rxd5 Rc8 21. Nc3 Rc5 22. Kf2 Rhc8 23. Rxc5 Rxc5 24. Ke3 Ke6 25. a4 Rc6 26. Kd4
Rb6 27. b3 Rc6 28. a5 Rc5 29. b4 Rc8 30. Kd3 h5 31. Nd5 h4 32. c3 h3 33. g3 Rf8
34. Ke3 Rh8 35. c4 Rc8 36. Kd4 Rf8 37. Ke3 Rc8 38. Kd4 Rf8 39. Ke3 Rc8 40. Kd4
Rf8 1/2-1/2

[Event "ICS rated standard match"]
[Site "204.178.125.65"]
[Date "2000.07.09"]
[Round "?"]
[White "expert101"]
[Black "Hossa"]
[Result "1/2-1/2"]
[WhiteElo "2126"]
[BlackElo "2376"]
[PlyCount "100"]
[EventDate "2000.??.??"]

1. e4 e5 2. Nf3 Nc6 3. Bb5 a6 4. Bxc6 dxc6 5. d4 exd4 6. Qxd4 Qxd4 7. Nxd4 Bd7
8. Be3 O-O-O 9. Nd2 Bc5 10. c3 Be7 11. O-O-O Nf6 12. f3 c5 13. Ne2 h6 14. h4
Kb8 15. Nf4 Rhe8 16. e5 Nh7 17. Ne4 b6 18. Nd5 Bf8 19. Bf4 Be6 20. c4 Rd7 21.
b3 Red8 22. Nec3 b5 23. Ne3 Rxd1+ 24. Rxd1 Rd4 25. Ne2 Rxd1+ 26. Kxd1 Be7 27.
Bg3 Nf8 28. Nc3 c6 29. f4 g6 30. Ne4 h5 31. Kc2 Nd7 32. Kd3 Kc8 33. Be1 Bd8 34.
Bc3 Bxh4 35. Nd6+ Kc7 36. Ba5+ Kb8 37. Ke4 b4 38. f5 gxf5+ 39. Nexf5 Bg5 40.
Ng7 Bd2 41. Nxe6 fxe6 42. Bd8 Bc3 43. Nf7 Kc8 44. Be7 Bb2 45. Bd6 Bc1 46. Be7
Bb2 47. Bd6 Bc1 48. Be7 Bb2 49. Bh4 Nf8 50. Be7 Nd7 1/2-1/2

[Event "ICS rated blitz match"]
[Site "204.178.125.65"]
[Date "2000.07.09"]
[Round "?"]
[White "Hossa"]
[Black "tan"]
[Result "1-0"]
[WhiteElo "2435"]
[BlackElo "1927"]
[PlyCount "42"]
[EventDate "2000.??.??"]

1. e4 c6 2. d4 d5 3. Nd2 dxe4 4. Nxe4 Bf5 5. Ng3 Nf6 6. Nxf5 Qa5+ 7. c3 Qxf5 8.
Bd3 Qc8 9. Nf3 g6 10. O-O Bg7 11. Re1 e6 12. Bf4 O-O 13. Bd6 Rd8 14. Be7 Rd7
15. Ba3 Rc7 16. Qd2 b6 17. Bd6 Rd7 18. Be5 Na6 19. Qg5 Ne8 20. Bxg7 Nxg7 21.
Qh6 Nc7 {tan resigns} 1-0

[Event "ICS rated blitz match"]
[Site "204.178.125.65"]
[Date "2000.07.09"]
[Round "?"]
[White "Dorky"]
[Black "Hossa"]
[Result "1/2-1/2"]
[WhiteElo "2219"]
[BlackElo "2437"]
[PlyCount "78"]
[EventDate "2000.??.??"]

1. d4 d5 2. c4 e6 3. Nc3 c6 4. e3 dxc4 5. Bxc4 Nf6 6. Nf3 Bd6 7. e4 Bc7 8. e5
Nd5 9. Bxd5 cxd5 10. O-O Nc6 11. Bg5 f6 12. exf6 gxf6 13. Bh6 Rg8 14. Qb3 Rg6
15. Bd2 Na5 16. Qc2 Nc4 17. Rae1 Kf7 18. Nh4 Nxd2 19. Qxd2 Rg4 20. Qh6 Kg8 21.
Nf3 Rg6 22. Qh5 Bf4 23. Ne2 e5 24. Nxf4 Bg4 25. Qh4 exf4 26. Kh1 Bxf3 27. gxf3
Rc8 28. Qxf4 Rc2 29. Rb1 Rg5 30. Qe3 Rg6 31. Rfc1 Qc8 32. Rxc2 Qxc2 33. Re1
Qxb2 34. Qe8+ Kg7 35. Qd7+ Kh6 36. Qh3+ Kg7 37. Qd7+ Kh6 38. Qh3+ Kg7 39. Qd7+
Kh6 1/2-1/2

[Event "ICS rated blitz match"]
[Site "204.178.125.65"]
[Date "2000.07.09"]
[Round "?"]
[White "Hossa"]
[Black "fp"]
[Result "1-0"]
[WhiteElo "2428"]
[BlackElo "1958"]
[PlyCount "39"]
[EventDate "2000.??.??"]

1. e4 e5 2. Nf3 d6 3. Bc4 Be7 4. d4 Nf6 5. dxe5 Nxe4 6. Qd5 Be6 7. Qxb7 Nd7 8.
Bxe6 fxe6 9. Qxe4 O-O 10. exd6 Bxd6 11. Ng5 Nf6 12. Qxe6+ Kh8 13. Nf7+ Rxf7 14.
Qxf7 Bb4+ 15. c3 Qd3 16. cxb4 Re8+ 17. Be3 Rxe3+ 18. fxe3 Qxe3+ 19. Kd1 Qd4+
20. Kc1 {fp resigns} 1-0

[Event "ICS rated blitz match"]
[Site "204.178.125.65"]
[Date "2000.07.09"]
[Round "?"]
[White "fp"]
[Black "Hossa"]
[Result "0-1"]
[WhiteElo "1956"]
[BlackElo "2430"]
[PlyCount "86"]
[EventDate "2000.??.??"]

1. e4 e5 2. Nf3 Nc6 3. Nc3 Nf6 4. Bb5 Bb4 5. O-O O-O 6. d3 Bxc3 7. bxc3 d6 8.
Bg5 Qe7 9. Re1 a6 10. Bxc6 bxc6 11. d4 Rb8 12. dxe5 dxe5 13. Qe2 Rd8 14. Rab1
Rb5 15. c4 Ra5 16. Rb2 Ra3 17. h3 h6 18. Bh4 g5 19. Bg3 Ra5 20. c3 Nd7 21. Rd1
Rf8 22. Rbd2 Nb6 23. Kh2 Be6 24. Nxe5 Rxe5 25. Bxe5 Bxc4 26. Qh5 Qxe5+ 27. g3
Qe6 28. Rd8 Bxa2 29. Rxf8+ Kxf8 30. Rd8+ Ke7 31. Rh8 Qf6 32. Rxh6 Qxf2+ 33. Kh1
Qxg3 34. Rh7 Be6 35. Rg7 Qe1+ 36. Kh2 Qf2+ 37. Kh1 g4 38. hxg4 Qe1+ 39. Kg2
Qxe4+ 40. Kg3 Qe1+ 41. Kh2 Qd2+ 42. Kg3 Qxc3+ 43. Kh2 Qxg7 {fp resigns} 0-1

[Event "ICS rated blitz match"]
[Site "204.178.125.65"]
[Date "2000.07.09"]
[Round "?"]
[White "Hossa"]
[Black "fp"]
[Result "1-0"]
[WhiteElo "2432"]
[BlackElo "1954"]
[PlyCount "37"]
[EventDate "2000.??.??"]

1. e4 e5 2. Nf3 d6 3. Bc4 Be7 4. d4 Nf6 5. dxe5 Nxe4 6. Qd5 Be6 7. Qxb7 Bxc4 8.
Qxa8 d5 9. Nbd2 Nxd2 10. Nxd2 Ba6 11. c4 dxc4 12. Qxa7 c3 13. bxc3 O-O 14. c4
Bg5 15. Nf3 Bxc4 16. Bxg5 Qd3 17. Qe3 Qc2 18. Rc1 Qa4 19. Qd4 {fp resigns} 1-0

[Event "ICS rated blitz match"]
[Site "204.178.125.65"]
[Date "2000.07.09"]
[Round "?"]
[White "fp"]
[Black "Hossa"]
[Result "0-1"]
[WhiteElo "1952"]
[BlackElo "2434"]
[PlyCount "34"]
[EventDate "2000.??.??"]

1. e4 e5 2. Nf3 Nc6 3. Nc3 Nf6 4. Bb5 Bb4 5. d3 Nd4 6. a3 Bxc3+ 7. bxc3 Nxb5 8.
Nxe5 Qe7 9. d4 Nxc3 10. Qd3 Ncxe4 11. O-O O-O 12. f3 Nc5 13. Qe2 d6 14. dxc5
dxe5 15. Bb2 Qxc5+ 16. Kh1 Re8 17. Rfe1 Bf5 {fp resigns} 0-1

[Event "ICS rated blitz match"]
[Site "204.178.125.65"]
[Date "2000.07.09"]
[Round "?"]
[White "Hossa"]
[Black "TigerMilk"]
[Result "1-0"]
[WhiteElo "2436"]
[BlackElo "2244"]
[PlyCount "65"]
[EventDate "2000.??.??"]

1. e4 Nf6 2. e5 Ng8 3. Nf3 d5 4. Bb5+ c6 5. Be2 Bg4 6. O-O e6 7. d4 Nd7 8. b3
Ne7 9. c4 a6 10. h3 Bh5 11. Nc3 c5 12. cxd5 Nxd5 13. Nxd5 exd5 14. dxc5 Nxc5
15. Bg5 Qd7 16. Be3 Ne6 17. Qd2 Be7 18. Rfd1 O-O 19. Qxd5 Qxd5 20. Rxd5 Rfd8
21. Rxd8+ Rxd8 22. Bb6 Rc8 23. g3 Bg6 24. Ne1 Be4 25. Bd3 Bc6 26. Rc1 Ba3 27.
Rc4 Nf8 28. Nc2 Be7 29. Nd4 Nd7 30. Nxc6 Rxc6 31. Rxc6 bxc6 32. Bc7 a5 33. Bf5
{TigerMilk resigns} 1-0

[Event "ICS rated blitz match"]
[Site "204.178.125.65"]
[Date "2000.07.09"]
[Round "?"]
[White "postalex"]
[Black "Hossa"]
[Result "0-1"]
[WhiteElo "2158"]
[BlackElo "2451"]
[PlyCount "52"]
[EventDate "2000.??.??"]

1. e4 e5 2. Nf3 Nc6 3. Bb5 a6 4. Ba4 Nf6 5. O-O Be7 6. Bxc6 dxc6 7. Nc3 Bg4 8.
h3 Bh5 9. g4 Nxg4 10. hxg4 Bxg4 11. d3 O-O 12. Kg2 f5 13. Qe1 Bxf3+ 14. Kxf3
fxe4+ 15. Ke2 exd3+ 16. cxd3 Qd7 17. Be3 b6 18. Kd2 Rad8 19. Qe2 c5 20. Kc2 Qf5
21. Ne4 c4 22. dxc4 Qxe4+ 23. Kc3 Bc5 24. Rg1 Bd4+ 25. Kb3 Bxe3 26. fxe3 Rd3+ {
postalex resigns} 0-1

[Event "ICS Rated standard match"]
[Site "204.178.125.65"]
[Date "2000.07.09"]
[Round "?"]
[White "Hossa"]
[Black "QueenMaxima"]
[Result "1-0"]
[WhiteElo "2366"]
[BlackElo "2355"]
[PlyCount "131"]
[EventDate "2000.??.??"]

1. e4 c5 2. c3 d5 3. Bd3 Nc6 4. Bc2 Nf6 5. Qe2 dxe4 6. Bxe4 Nxe4 7. Qxe4 Be6 8.
Ne2 Bd5 9. Qg4 h5 10. Qh3 g5 11. O-O Bc4 12. Re1 Qd3 13. Qg3 Rh6 14. Na3 Re6
15. Nxc4 Rxe2 16. Qxd3 Rxe1+ 17. Qf1 Rxf1+ 18. Kxf1 b5 19. Na3 b4 20. Nc4 Rd8
21. Ke2 Bg7 22. a3 a5 23. Ke3 h4 24. axb4 axb4 25. f4 gxf4+ 26. Kxf4 Nd4 27.
Kg4 Nb3 28. Rb1 Bf6 29. Kf5 Rd3 30. Kf4 Kd7 31. Ke4 h3 32. gxh3 Rxh3 33. d3
Nxc1 34. Rxc1 bxc3 35. bxc3 Ke6 36. Ra1 Rh4+ 37. Kf3 Bxc3 38. Rh1 Rh3+ 39. Ke2
Be5 40. Re1 Bc3 41. Rh1 Re3+ 42. Nxe3 Ke5 43. h4 e6 44. h5 Kf6 45. h6 Kg6 46.
h7 Bh8 47. Nc4 f5 48. Nb6 Kg5 49. Nd7 Kg6 50. Nxc5 e5 51. Nd7 e4 52. dxe4 fxe4
53. Ne5+ Bxe5 54. h8=Q Bxh8 55. Rxh8 Kg7 56. Re8 Kf7 57. Rxe4 Kg6 58. Rf4 Kh5
59. Kf3 Kg5 60. Kg3 Kh5 61. Rg4 Kh6 62. Kh4 Kh7 63. Kh5 Kh8 64. Kg6 Kg8 65. Rf4
Kh8 66. Rf8# 1-0

[Event "ICS rated blitz match"]
[Site "204.178.125.65"]
[Date "2000.07.09"]
[Round "?"]
[White "QueenMaxima"]
[Black "Hossa"]
[Result "0-1"]
[WhiteElo "2548"]
[BlackElo "2485"]
[PlyCount "108"]
[EventDate "2000.??.??"]

1. e4 e5 2. Nf3 Nc6 3. Bb5 a6 4. Ba4 Nf6 5. O-O Be7 6. Re1 b5 7. Bb3 d6 8. c3
O-O 9. h3 Na5 10. Bc2 c5 11. d4 Qc7 12. Nbd2 cxd4 13. cxd4 Nc6 14. Nb3 a5 15.
Be3 a4 16. Nbd2 Be6 17. a3 d5 18. dxe5 Nxe5 19. Rc1 Nxf3+ 20. Nxf3 Qb7 21. e5
Ne4 22. Nd4 Bd7 23. Qd3 b4 24. f3 f5 25. exf6 Nxf6 26. Bg5 Rf7 27. Bxf6 gxf6
28. Kh1 bxa3 29. bxa3 Bd6 30. Rb1 Qc8 31. Nb5 Bg3 32. Qxd5 Bxb5 33. Rxb5 Bxe1
34. Bxh7+ Kg7 35. Bf5 Qe8 36. Be4 Rb8 37. Rxb8 Qxb8 38. Qh5 Qg3 39. Bd5 Rc7 40.
Qe8 Bf2 41. Qg8+ Kh6 42. Qh8+ Kg5 43. f4+ Qxf4 44. Qg8+ Kh4 45. g3+ Qxg3 46.
Qh8+ Kg5 47. h4+ Kf5 48. Be6+ Kxe6 49. Qe8+ Kd5 50. Qh5+ Kd4 51. Qd1+ Ke3 52.
Qe1+ Bxe1 53. h5 Qh3+ 54. Kg1 Rg7# 0-1

[Event "ICS rated blitz match"]
[Site "204.178.125.65"]
[Date "2000.07.09"]
[Round "?"]
[White "Hossa"]
[Black "QueenMaxima"]
[Result "0-1"]
[WhiteElo "2504"]
[BlackElo "2529"]
[PlyCount "100"]
[EventDate "2000.??.??"]

1. e4 c5 2. c3 d5 3. Bd3 Nc6 4. Bc2 Nf6 5. Qe2 dxe4 6. Bxe4 Nxe4 7. Qxe4 g6 8.
Nf3 Bg7 9. Qc4 Qd6 10. O-O Be6 11. Qb5 O-O 12. d3 a6 13. Qb6 Ne5 14. Qxd6 Nxf3+
15. gxf3 exd6 16. Bf4 d5 17. Kg2 Bf5 18. Bd6 Rfc8 19. Rd1 Rc6 20. Bf4 Re8 21.
Na3 Re2 22. Bc1 Rc8 23. d4 cxd4 24. cxd4 b5 25. b4 h6 26. h3 Kh8 27. Kg3 g5 28.
f4 Rc3+ 29. f3 gxf4+ 30. Kxf4 Bxh3 31. Nb1 Rc4 32. Be3 Rxb4 33. a3 Rb3 34. Bg1
Bg2 35. Nd2 Rd3 36. Ra2 Bxf3 37. Nxf3 Re4+ 38. Kg3 Rxd1 39. a4 b4 40. Rc2 f5
41. Rc6 Rg4+ 42. Kh2 Rd3 43. Rxa6 Rxf3 44. Re6 f4 45. Re8+ Kh7 46. Re7 Rfg3 47.
Rxg7+ Kxg7 48. Kh1 Rxg1+ 49. Kh2 R1g3 50. a5 Rh4# {Hossa checkmated} 0-1

[Event "ICS rated blitz match"]
[Site "204.178.125.65"]
[Date "2000.07.09"]
[Round "?"]
[White "QueenMaxima"]
[Black "Hossa"]
[Result "1-0"]
[WhiteElo "2544"]
[BlackElo "2489"]
[PlyCount "171"]
[EventDate "2000.??.??"]

1. d4 d5 2. c4 e6 3. Nc3 c6 4. e3 dxc4 5. Nf3 b5 6. a4 Bb4 7. Bd2 a5 8. axb5
Bxc3 9. Bxc3 cxb5 10. b3 Bb7 11. d5 Nf6 12. bxc4 b4 13. Qa4+ Nbd7 14. Bb2 exd5
15. Qb5 dxc4 16. Qxb7 c3 17. Bc1 O-O 18. Nd4 Ne5 19. f4 Rb8 20. Qa6 Ra8 21. Qb5
Ng6 22. Nc6 Qc7 23. Nxa5 Rfb8 24. Qc4 Qb6 25. Qd4 Qc7 26. Nb3 Rxa1 27. Nxa1 b3
28. Nxb3 Rxb3 29. Bd3 Rb6 30. Ba3 c2 31. Bxc2 Ra6 32. Bxg6 Rxa3 33. Bf5 Ra5 34.
Bb1 Rd5 35. Qb4 Qa7 36. Kf2 Rd8 37. Re1 Ng4+ 38. Kg3 Nf6 39. Bf5 Qa2 40. Qb6
Re8 41. Qb5 Qd2 42. Qe2 Qa5 43. Bg4 Ne4+ 44. Kh3 Qb6 45. g3 Qh6+ 46. Kg2 Qd6
47. Rd1 Qc5 48. Bf3 Nc3 49. Qc2 Qc7 50. Rd3 Nd5 51. Qxc7 Nxc7 52. Rd7 Ne6 53.
Bd5 g6 54. e4 Kg7 55. h3 h6 56. f5 Nd8 57. Kf3 gxf5 58. exf5 Rf8 59. Ke4 Re8+
60. Kf4 Rg8 61. Ke5 h5 62. Bf3 Rh8 63. Kd6 h4 64. g4 Kf6 65. Kc7 Ne6+ 66. fxe6
fxe6 67. Bc6 Rh6 68. Kd6 Rh8 69. Re7 Rd8+ 70. Bd7 Rb8 71. Rxe6+ Kg5 72. Re5+
Kf4 73. Rf5+ Kg3 74. g5 Rb6+ 75. Ke5 Rb2 76. g6 Re2+ 77. Kf6 Rd2 78. Rg5+ Kh2
79. g7 Rxd7 80. g8=Q Rd2 81. Qb8+ Kxh3 82. Qc8+ Kh2 83. Qg4 Rf2+ 84. Ke6 Rf6+
85. Kxf6 h3 86. Qg1# {Hossa checkmated} 1-0

[Event "ICS rated blitz match"]
[Site "204.178.125.65"]
[Date "2000.07.09"]
[Round "?"]
[White "Dorky"]
[Black "Hossa"]
[Result "0-1"]
[WhiteElo "2243"]
[BlackElo "2476"]
[PlyCount "126"]
[EventDate "2000.??.??"]

1. e4 e5 2. Nf3 Nc6 3. Bb5 a6 4. Ba4 Nf6 5. O-O Be7 6. Re1 b5 7. Bb3 d6 8. c3
O-O 9. h3 Na5 10. Bc2 c5 11. d4 Qc7 12. d5 Bd8 13. Nbd2 c4 14. Nf1 Nb7 15. Be3
Nc5 16. Ng3 a5 17. a4 Nxa4 18. Bxa4 bxa4 19. Qxa4 Rb8 20. Rab1 Bd7 21. Qc2 Rb7
22. Red1 Qb8 23. Qe2 Ba4 24. Rd2 Bb3 25. Ng5 Nd7 26. Qg4 h6 27. Ne6 fxe6 28.
dxe6 Nf6 29. Qg6 Kh8 30. Qf5 Ba4 31. Qg6 Be8 32. Qf5 Be7 33. Ra1 Nd5 34. exd5
Rxf5 35. Nxf5 Bd8 36. Ra2 Kh7 37. Ng3 Bg6 38. Ne2 Bb1 39. Ra4 Rxb2 40. Ba7 Qb7
41. Rxb2 Qxb2 42. Ng3 Qxc3 43. Be3 Kg6 44. Nf1 Be4 45. Ra2 Qb4 46. Rd2 c3 47.
Rd1 Qb3 48. Ra1 Bxd5 49. e7 Bxe7 50. Rxa5 Qd1 51. Ra7 Bc4 52. Kh2 Bg5 53. Bxg5
Qxf1 54. Be3 c2 55. Rd7 d5 56. Rd6+ Kh7 57. Rd7 d4 58. Bd2 Qxf2 59. Bxh6 Kxh6
60. Rd6+ Kh5 61. Rxd4 exd4 62. Kh1 c1=Q+ 63. Kh2 Qcg1# 0-1

[Event "ICS rated blitz match"]
[Site "204.178.125.65"]
[Date "2000.07.09"]
[Round "?"]
[White "Hossa"]
[Black "QueenMaxima"]
[Result "1-0"]
[WhiteElo "2483"]
[BlackElo "2563"]
[PlyCount "201"]
[EventDate "2000.??.??"]

1. d4 Nf6 2. Bf4 e6 3. e3 b6 4. Nf3 Bb7 5. Bd3 Be7 6. O-O Nh5 7. Bg3 Nxg3 8.
fxg3 Nc6 9. c4 O-O 10. a3 Bg5 11. Nxg5 Qxg5 12. Qe2 f5 13. Nc3 Rae8 14. Qf2 a5
15. Be2 Ba6 16. b3 Bb7 17. Bf3 Kh8 18. Nb5 Rc8 19. Bxc6 Bxc6 20. Na7 Rcd8 21.
Nxc6 dxc6 22. Rae1 Qe7 23. Qb2 c5 24. Rd1 a4 25. bxa4 Ra8 26. Qb3 Rfd8 27. Rd2
Qe8 28. Qc3 Qxa4 29. Ra1 Qa5 30. Qc2 Rd6 31. Rdd1 cxd4 32. Rxd4 Qc5 33. Qc3 b5
34. g4 Rxd4 35. exd4 Qxc4 36. Qxc4 bxc4 37. gxf5 exf5 38. Kf2 c6 39. a4 g5 40.
a5 c3 41. Ke3 c2 42. Kd2 Rd8 43. Ra4 c1=R 44. Kxc1 f4 45. a6 Ra8 46. Kd2 Ra7
47. Kd3 h6 48. Kc4 g4 49. Kc5 f3 50. gxf3 gxf3 51. Kb6 f2 52. Ra1 Ra8 53. a7 c5
54. dxc5 Rf8 55. Rf1 Rg8 56. c6 Kh7 57. Rxf2 Re8 58. c7 h5 59. Kb7 Rg8 60. Rd2
Kh6 61. Rd8 Rg2 62. Rh8+ Kg7 63. Rg8+ Kxg8 64. c8=Q+ Kg7 65. Qc7+ Kh6 66. Qc6+
Rg6 67. Qxg6+ Kxg6 68. Kc6 Kg5 69. Kd5 Kf4 70. h3 Kg3 71. Ke4 Kg2 72. h4 Kf2
73. Kd4 Kg3 74. Ke5 Kf3 75. Kf5 Ke3 76. Kg5 Ke4 77. Kf6 Kd5 78. Kf5 Kc4 79. Ke5
Kd3 80. Kf4 Kd4 81. Kf3 Kd3 82. Kf2 Kd4 83. Ke2 Kd5 84. Ke3 Kc5 85. Ke4 Kd6 86.
Kd4 Ke6 87. Kc5 Ke5 88. Kc4 Kf4 89. Kd5 Ke3 90. Ke6 Kf4 91. Kf6 Ke4 92. Kg5 Kd5
93. a8=Q+ Kd4 94. Qh8+ Ke4 95. Qd8 Ke3 96. Qd5 Kf2 97. Qd2+ Kf3 98. Qe1 Kg2 99.
Kf4 Kh2 100. Kf3 Kh3 101. Qg3# 1-0